Statistics for Super Smash Bros. Stages by Debut

Click here to take the quiz!

General Stats

  • This quiz has been taken 28 times
  • The average score is 83 of 121

Answer Stats

GameDateStage% Correct
Duck Hunt1984 April 21Duck Hunt
100%
Pac-Land1984 August 1Pac-Land
100%
Balloon Fight1984 SeptemberBalloon Fight
94%
Mario Bros.1983 June 21Mario Bros.
94%
Wrecking Crew1984 July 26Wrecking Crew
94%
Donkey Kong1981 July 975m
88%
Punch-Out!!1984 February 17Boxing Ring
88%
Super Mario Sunshine2002 July 19Delfino Plaza
88%
Luigi’s Mansion2001 September 14Luigi’s Mansion
88%
Super Mario 641996 June 23Peach’s Castle
88%
Pictochat2004 November 21Pictochat
88%
Pilotwings1990 December 21Pilotwings
88%
Yoshi’s Island1995 August 5Yoshi’s Island
88%
F-Zero1990 NovemberBig Blue
82%
Star Fox | Starwing (PAL)1993 FebruaryCorneria
82%
Castlevania1986 September 26Dracula’s Castle
82%
Kirby’s Dream Land1992 AprilDreamland
82%
Fire1980 JulyFlat Zone 2
82%
Fire1980 JulyFlat Zone X
82%
Sonic the Hedgehog1991 June 23Green Hill Zone
82%
Super Mario Bros. 21988 OctoberMushroom Kingdom II
82%
F-Zero1990 NovemberMute City
82%
Pictochat2004 November 21Pictochat 2
82%
Metal Gear Solid1998 September 3Shadow Moses Island
82%
Banjo-Kazooie1998 June 29Spiral Mountain
82%
Ice Climber1985 JanuarySummit
82%
Mega Man 21988 December 24Wily Castle
82%
Metroid1986 August 6Brinstar
76%
Mario Kart DS2005 November 14Figure-8 Circuit
76%
Ice Climber1985 JanuaryIcicle Mountain
76%
Star Fox1993 FebruaryLylat Cruise
76%
Earthbound Beginnings1989 July 27Magicant
76%
Miiverse2012 November 18Miiverse
76%
Super Mario Bros.1985 September 13Mushroom Kingdom
76%
Super Mario Bros.1985 September 13Mushroomy Kingdom
76%
Earthbound1994 August 27Onett
76%
Pac-Man1980 May 22Pac-Maze
76%
Paper Mario: The Thousand Year Door2004 July 22Paper Mario
76%
Kid Icarus1986 December 19Skyworld
76%
Yoshi’s Story1997Super Happy Tree
76%
Tomodachi Life2013 April 18Tomodachi Life
76%
WarioWare, Inc.: Mega Microgames2003 MarchWarioWare, Inc.
76%
Yoshi’s Story1997Yoshi’s Story
76%
Kirby’s Dream Land1992 AprilDreamland GB
71%
Helmet | Headache (PAL)1981 FebruaryFlat Zone
71%
Kirby’s Adventure1993 MarchFountain of Dreams
71%
Earthbound1994 August 27Fourside
71%
Electroplankton2005 April 7Hanenbow
71%
The Legend of Zelda: A Link to the Past1991 November 21Hyrule Castle
71%
Donkey Kong 641999Jungle Japes
71%
Donkey Kong Country1994 November 18Kongo Jungle
71%
Nintendogs2005 April 25Living Room
71%
Final Fantasy VII1997 January 21Midgar
71%
Minecraft2009 MayMinecraft World
71%
Mother 32006 AprilNew Pork City
71%
Metroid1986 August 6Norfair
71%
The Legend of Zelda: The Wind Waker2002 December 13Pirate Ship
71%
Super Mario 641996 June 23Princess Peach’s Castle
71%
Pokémon Red / Blue1996 February 27Saffron City
71%
Super Mario Maker2015 September 11Super Mario Maker
71%
Star Fox1993 FebruaryVenom
71%
Yoshi’s Woolly World2015 June 15Woolly World
71%
Super Mario World1990 NovemberYoshi’s Island
71%
Super Mario 3D Land2011 November 33D Land
65%
Fire Emblem Awakening2012 April 19Arena Ferox
65%
The Legend of Zelda: Twilight Princess2006 NovemberBridge of Eldin
65%
Metroid1986 August 6Brinstar Depths
65%
Pikmin2001 OctoberDistant Planet
65%
Metroid Prime2002 NovemberFrigate Orpheon
65%
The Legend of Zelda: Majora’s Mask2000Great Bay
65%
Splatoon2015 May 25Moray Towers
65%
Super Mario Odyssey2017 October 27New Donk City Hall
65%
Kid Icarus1986 December 19Palutena’s Temple
65%
F-Zero GX2003 JulyPort Town Aero Dive
65%
Pokémon X / Y2013 October 12Prism Tower
65%
Super Mario 641996 June 23Rainbow Cruise
65%
Mario Kart 72011 December 1Rainbow Road
65%
Star Fox1993 FebruarySector Z
65%
Animal Crossing: Wild World2005 November 23Smashville
65%
The Legend of Zelda: Spirit Tracks2009 December 7Spirit Train
65%
Zelda II: The Adventure of Link1987 January 14Temple
65%
Kirby Super Star1996 MarchThe Great Cave Offensive
65%
Bayonetta2009 October 29Umbra Clock Tower
65%
Sonic Lost World2013 October 18Windy Hill Zone
65%
Dragon Quest II: The Luminaries of the Legendary Line1987 January 26Yggdrasil’s Altar
65%
The Legend of Zelda: Ocarina of Time1998 November 21Gerudo Valley
59%
New Super Mario Bros. 22012 July 28Golden Plains
59%
The Legend of Zelda: Breath of the Wild2017 March 3Great Plateau Tower
59%
Kirby’s Dream Land1992 AprilGreen Greens
59%
Kirby Super Star1996 MarchHalberd
59%
Kingdom Hearts2002 March 28Hollow Bastion
59%
Pokémon X / Y2013 October 12Kalos Pokémon League
59%
Super Mario Galaxy2007 November 1Mario Galaxy
59%
Persona 52016 September 15Mementos
59%
Tekken 72015 February 17Mishima Dojo
59%
F-Zero1990 NovemberMute City SNES
59%
Pokémon Diamond / Pearl2006 September 28Spear Pillar
59%
ARMS2017 June 16Spring Stadium
59%
Street Fighter II1991 February 6Suzaku Castle
59%
Animal Crossing: City Folk2008 November 16Town & City
59%
Pokémon Black / White2010 September 18Unova Pokémon League
59%
Game & Wario2013 March 28Gamer
53%
Pikmin 32013 July 13Garden of Hope
53%
Xenoblade Chronicles2010 June 10Gaur Plains
53%
Donkey Kong Country1994 November 18Kongo Falls
53%
Star Fox: Assault2005 February 15Orbital Gate Assault
53%
Metroid1986 August 6Planet Zebes
53%
Kid Icarus Uprising2012 March 22Reset Bomb Forest
53%
The Legend of Zelda: Skyward Sword2011 November 18Skyloft
53%
Animal Crossing: New Leaf2012 November 8Tortimer Island
53%
Wii Fit2007 December 1Wii Fit Studio
53%
Xenoblade Chronicles 22017 December 1Cloud Sea of Alrest
47%
Fire Emblem: Shadow Dragon and the Blade of Light1990 April 20Coliseum
47%
Streetpass Mii Plaza2011 February 26Find Mii / Streetpass Quest
47%
Fire Emblem: Three Houses2019 July 26Garreg Mach Monastery
47%
New Super Mario Bros. U2012 November 28Mushroom Kingdom U
47%
Final Fantasy VII1997 January 21Northern Cave
47%
Donkey Kong Jungle Beat2004 DecemberRumble Falls
47%
Donkey KongCountry Returns2010 November 21Jungle Hijinxs
41%
Wii Fit2007 December 1Wuhu Island
41%
Metroid: Other M2010 August 31Pyrosphere
35%

Score Distribution

Percentile by Number Answered

Percent of People with Each Score

Your Score History

You have not taken this quiz